ՀՀ Գիտությունների ազգային ակադեմիայի հիմնարար գիտական գրադարան  =   Fundamental Scientific Library of NAS RA

Апилак / (Record no. 307528)

MARC details
000 -LEADER
fixed length control field 00895nam a2200229 a 4500
001 - CONTROL NUMBER
control field 000868786
003 - CONTROL NUMBER IDENTIFIER
control field AM-YeHGA
005 - DATE AND TIME OF LATEST TRANSACTION
control field 20250617145200.0
008 - FIXED-LENGTH DATA ELEMENTS--GENERAL INFORMATION
fixed length control field 120221s1976 ||||||||||||||||||||rus d
040 ## - CATALOGING SOURCE
Original cataloging agency AM-YeHGA
041 0# - LANGUAGE CODE
Language code of text/sound track or separate title rus
090 ## - LOCALLY ASSIGNED LC-TYPE CALL NUMBER (OCLC); LOCAL CALL NUMBER (RLIN)
-- 309237
100 1# - MAIN ENTRY--PERSONAL NAME
Personal name Никулин, А.А.
245 10 - TITLE STATEMENT
Title Апилак /
Statement of responsibility, etc. А.А. Никулин, В.Ф. Лупачев; Рязанский мед. ин-т им. И.П. Павлова .
260 ## - PUBLICATION, DISTRIBUTION, ETC.
Place of publication, distribution, etc. Саранск :
Name of publisher, distributor, etc. Мордовское кн. изд-во,
Date of publication, distribution, etc. 1976.
300 ## - PHYSICAL DESCRIPTION
Extent 143 с. :
Other physical details ил., табл.
650 14 - SUBJECT ADDED ENTRY--TOPICAL TERM
Topical term or geographic name entry element Лекарственные средства
650 14 - SUBJECT ADDED ENTRY--TOPICAL TERM
Topical term or geographic name entry element Продукты пчеловодства
650 14 - SUBJECT ADDED ENTRY--TOPICAL TERM
Topical term or geographic name entry element Пчелиная матка - Маточное молочко
700 1# - ADDED ENTRY--PERSONAL NAME
Personal name Лупачев, В.Ф.
710 2# - ADDED ENTRY--CORPORATE NAME
Corporate name or jurisdiction name as entry element Рязанский медицинский институт им. И.П. Павлова
Holdings
Withdrawn status Lost status Damaged status Not for loan Collection Home library Current library Date acquired Total checkouts Full call number Barcode Date last seen Price effective from Koha item type Public note
        General Fundamental Scientific Library Fundamental Scientific Library 09/01/2017   PII/398104 FL0404755 09/01/2017 09/01/2017 Գրքեր / Books 30 Days Loan


ՀՀ ԳԱԱ հիմնարար գիտական գրադարան
ՀՀ,Երևան 0019
Մարշալ Բաղրամյան 24/6
հեռախոս:(374-10) 52-47-50
Հետադարձ կապ

All site content, except where otherwise noted, is licensed under a
Creative Commons License